• 首页
  • 本馆介绍
  • 公告通知
  • 最新文献
  • 馆藏检索
  • 电子资源
  • 读者导购
  • 参考咨询
  • 我的图书馆
  • 登录
  • 详细信息显示
  • 放入我的书架
  • 预约/预借图书
  • 作者相关作品
  • 分类相关作品
  • 丛书相关作品
  • 出版社相关作品

书目信息

  • 表格格式
  • 工作单格式
  • 卡片格式
题名:
2015中国年度作品
    
 
作者: 邹岳汉 主编
分册:   散文诗
出版信息: 北京   现代出版社  2016
页数: 250页
开本: 23cm
丛书名:
单 册:
中图分类: I217.62 , I227.6
科图分类:
主题词: 中国文学--当代文学--作品集 , 散文诗--诗集--中国--当代
电子资源:
ISBN: 978-7-5143-3310-7
000 01060nam0 2200253 450
001 012001004385
005 20140928162349.0
010    @a978-7-5143-3310-7@dCNY36.00
100    @a20160401d2016 em y0chiy50 ea
101 0  @achi
102    @aCN@b110000
105    @ay z 000gy
106    @ar
200 1  @a2015中国年度作品@92015 zhong guo nian du zuo pin@i散文诗@b专著@f邹岳汉主编
210    @a北京@c现代出版社@d2016
215    @a250页@d23cm
330    @a全书分为《名刊、专刊作品荟萃》《年度关注:横渡苍茫》《年度精短作品》《散文诗名家新作》《跨诗体写作名家》《年度获奖作品选》等15辑。收录了耿林莽、许淇、徐成淼、刘虔、王剑冰等211位作家的多章散文诗佳作。这些作品或感悟人生,或回首过往,或赞美自然,或体会生命题材丰富,写法多样。本书由散文诗选家从众多作品中精选,视域开阔,旨在全景呈现2015散文诗创作的实绩。
606 0  @a中国文学@x当代文学@x作品集
606 0  @a散文诗@x诗集@y中国@z当代
690    @aI217.62@v5
690    @aI227.6@v5
701  0 @a邹岳汉@9zou yue han@4主编
801  0 @aCN@b上海新华@c20180901
905    @b1166076-80@dI217.62@e903@f5
    
    2015中国年度作品.散文诗/邹岳汉主编.-北京:现代出版社,2016
    250页;23cm
    
    
    ISBN 978-7-5143-3310-7:CNY36.00
    全书分为《名刊、专刊作品荟萃》《年度关注:横渡苍茫》《年度精短作品》《散文诗名家新作》《跨诗体写作名家》《年度获奖作品选》等15辑。收录了耿林莽、许淇、徐成淼、刘虔、王剑冰等211位作家的多章散文诗佳作。这些作品或感悟人生,或回首过往,或赞美自然,或体会生命题材丰富,写法多样。本书由散文诗选家从众多作品中精选,视域开阔,旨在全景呈现2015散文诗创作的实绩。
●
相关链接 在E读中查询图书 在五车中查询图书 在当当中查询图书 在豆瓣中查询图书


正题名:2015中国年度作品     索取号:I217.62/903         预约/预借

序号 登录号 条形码 馆藏地/架位号 状态 备注
1 1166076   211660763   第一样本阅览室/ [索取号:I217.62/903] 在馆    
2 1166077   211660772   第二借阅区/ [索取号:I217.62/903] 在馆    
3 1166078   211660781   第二借阅区/ [索取号:I217.62/903] 在馆    
4 1166079   211660790   第二借阅区/ [索取号:I217.62/903] 在馆    
5 1166080   211660807   密集书库-文学院/ [索取号:I217.62/903] 在馆    
唐山师范学院图书馆 欢迎您!
大连网信软件有限公司© 版权所有